| 000 | 007610000a22002290004500 | ||
|---|---|---|---|
| 090 |
_aAR _b01765 |
||
| 245 | 1 | 0 | _aHabitat fragmentation and movements of three small mammals (<Sigmodon, Microtus, and Peromyscus>) |
| 650 | 1 | 4 |
_aUso del hábitat _93825 |
| 650 | 1 | 4 |
_aFragmentación del hábitat _994528 |
| 650 | 1 | 4 |
_aRoedores _97408 |
| 650 | 1 | 4 |
_aEtología _97606 |
| 651 | 4 |
_dKansas _pEstados Unidos _992749 |
|
| 653 |
_gSigmodon _eSigmodon hispidus |
||
| 653 |
_gPeromyscus _ePeromyscus maniculatus |
||
| 653 |
_gMicrotus _eMicrotus ochrogaster |
||
| 041 | 0 | _aInglés | |
| 700 | 1 |
_aHolt, Robert D. _994536 |
|
| 700 | 1 |
_aGaines, Michael S. _995206 |
|
| 100 | 1 |
_aDhfendorfer, James E. _995207 |
|
| 942 | _cARTICULO | ||
| 773 | 1 |
_tEcology _357 _h3 _q827-839 _d1995 _g76 |
|
| 999 |
_c10843 _d10843 |
||